000 00451nam a2200169Ia 4500
008 090711s9999 xx 000 0 und d
082 _b1352
100 _aकिनरे जयंत
245 _aदाह
260 _bमधुश्री प्रकाशन
_c1999
300 _a168
600 _aकिनरे जयंत
630 _aदाह
700 _aकिनरे जयंत
730 _aदाह
942 _cBOOK
999 _c336336
_d336336